बेबी हेल्थ गाइड / (Record no. 120452)

MARC details
000 -LEADER
fixed length control field 01130nam a22002657a 4500
005 - DATE AND TIME OF LATEST TRANSACTION
control field 20170124103158.0
010 ## - LIBRARY OF CONGRESS CONTROL NUMBER
LC control number A-972599
020 ## - INTERNATIONAL STANDARD BOOK NUMBER
Terms of availability 30.00
035 ## - SYSTEM CONTROL NUMBER
System control number A-972599
037 ## - SOURCE OF ACQUISITION
Source of stock number/acquisition Cen Lib/Ret
040 ## - CATALOGING SOURCE
Original cataloging agency DPL
Language of cataloging HN
082 ## - DEWEY DECIMAL CLASSIFICATION NUMBER
Classification number 649
Item number वर्माउ
100 ## - MAIN ENTRY--PERSONAL NAME
Personal name वर्मा, उषाराय
9 (RLIN) 90491
245 ## - TITLE STATEMENT
Title बेबी हेल्थ गाइड /
Remainder of title उषाराय वर्मा
246 ## - VARYING FORM OF TITLE
Title proper/short title Baby health guide /
Remainder of title by Ush Rai Verma
260 ## - PUBLICATION, DISTRIBUTION, ETC. (IMPRINT)
Place of publication, distribution, etc नयी दिल्ली
Name of publisher, distributor, etc डायमंड पॉकेट बुक्स
Date of publication, distribution, etc 1999
270 ## - ADDRESS
Address X-30, ओखला इंडस्ट्रियल एरिया, फेज-2
City नयी दिल्ली
Postal code 110002
300 ## - PHYSICAL DESCRIPTION
Extent 123पृ. :
Dimensions 21सेमी(सजिल्द)
Other physical details सचित्र
500 ## - GENERAL NOTE
General note अनुक्रमणिका शामिल
650 ## - SUBJECT ADDED ENTRY--TOPICAL TERM
Topical term or geographic name as entry element शिशु आहार
9 (RLIN) 1541
650 ## - SUBJECT ADDED ENTRY--TOPICAL TERM
Topical term or geographic name as entry element बच्चों का पालन-पोषण
9 (RLIN) 90492
650 ## - SUBJECT ADDED ENTRY--TOPICAL TERM
Topical term or geographic name as entry element Baby Food
9 (RLIN) 90493
650 ## - SUBJECT ADDED ENTRY--TOPICAL TERM
Topical term or geographic name as entry element Children raised
9 (RLIN) 90494
942 ## - ADDED ENTRY ELEMENTS (KOHA)
Source of classification or shelving scheme Dewey Decimal Classification
Koha item type Hindi Books
Classification part 649
Call number suffix वर्माउ
Holdings
Withdrawn status Lost status Damaged status Not for loan Home library Current library Date acquired Source of acquisition Cost, normal purchase price Total Checkouts Full call number Barcode Date last seen Copy number Cost, replacement price Price effective from Koha item type
        Central Library Central Library 22/09/2015 Cen Lib/Ret 30.00   649 वर्माउ A-972599 22/09/2015 1 30.00 22/09/2015 Hindi Books

© Delhi Public Library
Hit Counter
free hit counter